[Event "18th Graz Open"]
[Site "Graz AUT"]
[Date "2011.09.03"]
[Round "8"]
[White "Zakharchenko,A"]
[Black "Wittmann,W"]
[Result "1-0"]
[WhiteElo "2202"]
[BlackElo "2295"]

1.Nf3 d5 2.c4 e6 3.g3 Nf6 4.Bg2 Be7 5.O-O O-O 6.d4 Nbd7 7.Qc2 c6 8.Rd1 Ne4
9.Ne5 f5 10.Nd3 Bf6 11.e3 Qe8 12.Nd2 Kh8 13.Nf3 g5 14.Bd2 Nxd2 15.Rxd2 Rg8
16.Rdd1 Rg6 17.Rac1 Rh6 18.Nd2 Be7 19.b4 a6 20.a4 Bd6 21.b5 cxb5 22.axb5 axb5
23.cxd5 e5 24.dxe5 Nxe5 25.Nxe5 Bxe5 26.Nf3 Bf6 27.Nd4 f4 28.exf4 gxf4 29.Nf5 Bxf5
30.Qxf5 fxg3 31.hxg3 Rd8 32.d6 Bb2 33.d7 Rxd7 34.Rxd7 Bxc1 35.Be4 Rg6 36.Qd5  1-0

[Event "TCh-POL 1st League"]
[Site "Mrzezyno POL"]
[Date "2011.09.03"]
[Round "1"]
[White "Sadzikowski,D"]
[Black "Grabarczyk,M"]
[Result "1/2-1/2"]
[WhiteElo "2370"]
[BlackElo "2460"]

1.Nf3 d5 2.c4 e6 3.g3 Nf6 4.Bg2 c5 5.cxd5 Nxd5 6.O-O Be7 7.d4 cxd4 8.Nxd4 O-O
9.Nc3 Nxc3 10.bxc3 Nd7 11.Rb1 Nc5 12.Ba3 Qa5 13.Bxc5 Bxc5 14.Nb3 Qc7 15.Nxc5 Qxc5
16.Bxb7 Bxb7 17.Rxb7 Qxc3 18.Qa4 a5 19.Rfb1 h6 20.Qb3 Rfc8 21.Qxc3 Rxc3 22.Rb8+ Rxb8
23.Rxb8+ Kh7 24.Rb3 Rc2 25.Ra3 Rxe2 26.Rxa5 g5 27.h3 Kg6 28.Kf1 Rc2 29.Ra6 h5
30.Kg2 g4 31.h4 Rc1  1/2-1/2

[Event "10th Sunny Beach Open"]
[Site "Sunny Beach BUL"]
[Date "2011.09.03"]
[Round "8.59"]
[White "Genchev,Evgeni"]
[Black "Kostadinov,R"]
[Result "0-1"]
[WhiteElo "1856"]
[BlackElo "2203"]

1.Nf3 d5 2.c4 c6 3.b3 Nf6 4.Bb2 Bg4 5.e3 e6 6.Be2 Nbd7 7.O-O Bd6 8.h3 Bh5
9.d4 O-O 10.Nbd2 Qb8 11.Rc1 a5 12.Ne1 Bxe2 13.Qxe2 a4 14.Nd3 axb3 15.axb3 Ne4
16.Ra1 Rxa1 17.Rxa1 Ndf6 18.Nxe4 Nxe4 19.Qe1 h6 20.Ba3 Re8 21.Bxd6 Nxd6 22.Qb4 f6
23.Nc5 Kf7 24.Nd7 Qc7 25.Nb6 Rb8 26.Ra8 Rxa8 27.Nxa8 Qe7 28.Nb6 Qd8 29.Na4 Qe7
30.c5 Nb5 31.Nc3 Nxc3 32.Qxc3 e5 33.Kf1 exd4 34.Qxd4 Qe4 35.b4 Ke6 36.f3 Qxd4
37.exd4 Kf5 38.g3 h5 39.Ke2 h4 40.gxh4 Kf4 41.Kf2 g6 42.Kg2 Ke3 43.Kg3 Kxd4
44.Kg4 Ke3 45.f4 d4 46.f5 gxf5+ 47.Kxf5 d3  0-1

[Event "9th Amantea Open"]
[Site "Amantea ITA"]
[Date "2011.09.04"]
[Round "1"]
[White "Collutiis,D"]
[Black "Rizzardi,F"]
[Result "1-0"]
[WhiteElo "2474"]
[BlackElo "2005"]

1.Nf3 d5 2.c4 c6 3.g3 Nf6 4.Bg2 Bf5 5.cxd5 cxd5 6.Qb3 Qc7 7.Nc3 e6 8.d3 Nc6
9.O-O Be7 10.Bf4 Qd7 11.Rac1 O-O 12.Ne5 Nxe5 13.Bxe5 Ng4 14.Bf4 e5 15.Nxd5 Be6
16.Bd2 Bxd5 17.Qxd5 Qxd5 18.Bxd5 Rab8 19.Rc7 Bd6 20.Rxb7 Rxb7 21.Bxb7 Rb8
22.Bf3 Nf6 23.b3 Rc8 24.Rc1 Rc7 25.Rc4 Nd7 26.Kf1 Nb6 27.Rxc7 Bxc7 28.Bb4 g6
29.a4 Nc8 30.Bc5  1-0

[Event "10th Izmir Open"]
[Site "Izmir TUR"]
[Date "2011.09.04"]
[Round "5"]
[White "Isik,E"]
[Black "Sahin,Oz"]
[Result "1-0"]
[WhiteElo "2222"]
[BlackElo "1790"]

1.Nf3 d5 2.c4 e6 3.e3 Nf6 4.a3 c5 5.Qc2 Nc6 6.b3 Bd6 7.Bb2 O-O 8.d3 a6 9.Nbd2 b6
10.Be2 Bb7 11.O-O d4 12.exd4 cxd4 13.g3 e5 14.Nh4 Ne7 15.Bf3 Bxf3 16.Ndxf3 Nd7
17.Qe2 h6 18.Rae1 g5 19.Ng2 f5 20.Nxd4 Nc5 21.Nc2 Ng6 22.b4 Nd7 23.d4 Re8
24.Qf3 f4 25.Qd5+ Kh7 26.Qf7+  1-0

[Event "TCh-POL 1st League"]
[Site "Mrzezyno POL"]
[Date "2011.09.04"]
[Round "2"]
[White "Jakubiec,E"]
[Black "Warakomska,A"]
[Result "1-0"]
[WhiteElo "2215"]
[BlackElo "2172"]

1.Nf3 d5 2.c4 e6 3.Nc3 c6 4.d4 dxc4 5.a4 Bb4 6.e4 b5 7.Be2 Nf6 8.Qc2 Bb7
9.O-O a6 10.e5 Nd5 11.Ng5 Be7 12.Nce4 h6 13.Nxf7 Kxf7 14.Bh5+ Kg8 15.Ng3 Nd7
16.f4 Nf8 17.f5 Bc8 18.Qe4 Bg5 19.f6 gxf6 20.exf6 Nxf6 21.Qe5 Nxh5 22.Nxh5 Ra7
23.Bxg5 hxg5 24.Nf6+ Kg7 25.Qxg5+ Ng6 26.Nh5+ Kh7 27.Nf6+ Kg7 28.Nh5+ Kh7
29.Rf6 Qxd4+ 30.Kh1 Rg8 31.Raf1 Qd7 32.R6f3 Qe7 33.Nf6+ Kg7 34.Rg3  1-0

[Event "13th Trieste Open"]
[Site "Trieste ITA"]
[Date "2011.09.04"]
[Round "3"]
[White "Ivanovic,An"]
[Black "Mocchi,T"]
[Result "0-1"]
[WhiteElo "2016"]
[BlackElo "2259"]

1.Nf3 d5 2.c4 c6 3.cxd5 cxd5 4.d4 Nc6 5.Nc3 Nf6 6.Bf4 e6 7.e3 Bd6 8.Bxd6 Qxd6
9.Bd3 Bd7 10.O-O O-O 11.Qe2 Rfd8 12.Rfc1 Rac8 13.a3 Be8 14.b4 Ne7 15.Nd2 Rc7
16.Nb3 Rdc8 17.Qd2 Ng4 18.g3 Nf5 19.Be2 Nf6 20.Nc5 Qd8 21.a4 Nd6 22.b5 Qe7
23.f4 b6 24.Na6 Rxc3 25.Rxc3 Nfe4 26.Rxc8 Nxd2 27.Rc7 Qf6 28.Rxa7 g5 29.Nc7 gxf4
30.Nxe8 Nxe8 31.Ra8 fxe3 32.Rxe8+ Kg7  0-1

[Event "TCh-SRB Premier Women"]
[Site "Valjevo SRB"]
[Date "2011.09.06"]
[Round "11.4"]
[White "Vojinovic,J"]
[Black "Chelushkina,I"]
[Result "1/2-1/2"]
[WhiteElo "2299"]
[BlackElo "2296"]

1.Nf3 d5 2.c4 e6 3.g3 c6 4.Qc2 Na6 5.Bg2 Nb4 6.Qd1 dxc4 7.Na3 Qd5 8.b3 cxb3
9.axb3 Nf6 10.Nc4 Qd8 11.Bb2 Be7 12.Qb1 O-O 13.Ng5 g6 14.h4 Nh5 15.Bf3 f5
16.Nh3 Bf6 17.Bxh5 gxh5 18.Nf4 b5 19.Nxh5 bxc4 20.Nxf6+ Rxf6 21.Bxf6 Qxf6
22.O-O c5 23.bxc4 Bb7 24.Ra5 Qe5 25.Qxb4 Qe4 26.f3 Qd4+ 27.e3 Qd6 28.Qxb7 Qxg3+
29.Kh1 Qh3+  1/2-1/2

[Event "InventiChess GM"]
[Site "Antwerp BEL"]
[Date "2011.09.07"]
[Round "5.1"]
[White "Hovhanisian,M"]
[Black "Michiels,B"]
[Result "1/2-1/2"]
[WhiteElo "2496"]
[BlackElo "2501"]

1.Nf3 d5 2.c4 c6 3.e3 Nf6 4.Nc3 e6 5.b3 Nbd7 6.Qc2 Bd6 7.Bb2 O-O 8.Be2 b6
9.cxd5 cxd5 10.Nb5 Bc5 11.O-O a6 12.d4 Be7 13.Qc6 Rb8 14.Nd6 Ne8 15.Nxe8 Rxe8
16.Rfc1 Bb7 17.Qc7 Nf6 18.Qxd8 Rexd8 19.Ne5 Rbc8 20.f3 Kf8 21.Kf2 Bd6 22.g4 Ke7
23.g5 Nd7 24.Bd3 h6 25.g6 Nxe5 26.dxe5 Bc5 27.a3 d4 28.e4 b5 29.gxf7 g5 30.h4 Kxf7
31.hxg5 hxg5 32.Rg1 Be7 33.Rh1 Kg6 34.Rag1 Rh8 35.Ke2 Bc5 36.Bc1 Rxh1 37.Rxh1 Be7
38.Bb2 Rd8 39.b4 Rd7 40.Rh8 Bd8 41.Bc1 Bc7 42.f4 gxf4 43.Bxf4 Rh7 44.Rxh7 Kxh7
45.Bc2 Kg6 46.Kd3 a5 47.bxa5 Bxa5 48.Kxd4 Bb6+ 49.Kc3 Bc5 50.Kb3 Kf7 51.Bd3 Bc6
52.Bd2 Ke8 53.Bb4 Be3 54.Bd6 Bd2 55.Bc5 Kd7 56.Bd4 Kc7 57.Bc5 Kd7 58.Be2 Be1
59.Bd6 Ba5 60.Bc5 Be1 61.Bf1 Ba5 62.Bb4 Bb6 63.Kc3 Bc7 64.Kd4 Bb6+ 65.Bc5 Bc7
66.Ba7 Bd8 67.Bc5 Bc7 68.Be2 Bd8 69.Ke3 Bg5+ 70.Kf3 Ke8 71.Kg4 Bc1 72.Bd6 Kf7
73.Kg3 Ke8 74.Bh5+ Kd8 75.Bg6 Be8 76.Bh7 Bf7 77.Kg4 Kd7 78.Kf3 Kc6 79.Ke2 Bf4
80.Kd3 Bc1 81.Kc3 Bf4 82.Kb3 Bg3 83.Kc3 Bf4  1/2-1/2

[Event "15th Cesenatico Open"]
[Site "Cesenatico ITA"]
[Date "2011.09.07"]
[Round "6"]
[White "Roeder,M"]
[Black "Sveshnikov,E"]
[Result "1/2-1/2"]
[WhiteElo "2398"]
[BlackElo "2504"]

1.Nf3 d5 2.c4 e6 3.g3 dxc4 4.Qa4+ Bd7 5.Qxc4 c5 6.Ne5 Nc6 7.Nxd7 Qxd7 8.Bg2 Nf6
9.Qa4 Rc8 10.Nc3 Be7 11.d3 O-O 12.Be3 Rfd8 13.O-O b6 14.Rfd1 Nd5 15.Bd2 Bf6
16.Rab1 Nde7 17.Ne4 Be5 18.Bc3 Bb8 19.Ng5 h6 20.Nf3 Nf5 21.a3 Nfd4 22.Nxd4 Nxd4
23.Qxd7 Rxd7 24.Kf1 Nb5  1/2-1/2

[Event "TCh-POL 1st League"]
[Site "Mrzezyno POL"]
[Date "2011.09.07"]
[Round "5"]
[White "Sadzikowski,D"]
[Black "Grabarczyk,B"]
[Result "1/2-1/2"]
[WhiteElo "2370"]
[BlackElo "2409"]

1.Nf3 d5 2.c4 e6 3.g3 Nf6 4.Bg2 c5 5.cxd5 exd5 6.d4 Nc6 7.O-O Be7 8.Nc3 c4
9.Ne5 O-O 10.b3 cxb3 11.Nxc6 bxc6 12.axb3 Bb4 13.Na4 Qe7 14.Bd2 Bd6 15.Bg5 Ba6
16.Nc3 Qb7 17.Bxf6 gxf6 18.Qc2 Bb4 19.Na2 Ba5 20.Rfc1 Rab8 21.Rab1 Rfc8 22.e3 Qe7
23.Nc3 Bb4 24.Qd1 Kh8 25.Na4 Bb5 26.Nc5 Rg8 27.Ra1 Rb6 28.Qf3 Bxc5 29.Rxc5 Bd3
30.Qd1 Bg6 31.Rca5 Rd8 32.h4 h6 33.Rc1 Kg7 34.Ra3 Qe6 35.Qc2 Qg4 36.Qa2 Qf5
37.Kh2  1/2-1/2

[Event "9th Amantea Open"]
[Site "Amantea ITA"]
[Date "2011.09.08"]
[Round "6"]
[White "Gregori,Giacomo"]
[Black "Palazzotto,R"]
[Result "1/2-1/2"]
[WhiteElo "1993"]
[BlackElo "1877"]

1.Nf3 d5 2.c4 c6 3.g3 Nf6 4.Bg2 e6 5.O-O Be7 6.b3 O-O 7.Bb2 Nbd7 8.d4 Ne4
9.Nbd2 f5 10.Ne1 Ndf6 11.Ndf3 b6 12.Ne5 Bb7 13.N1d3 Bd6 14.Rc1 Qe7 15.f3 Ng5
16.c5 Bxe5 17.Nxe5 b5 18.Qd2 Nf7 19.Nxf7 Qxf7 20.a4 bxa4 21.bxa4 Ba6 22.Rb1 Rab8
23.Bc3 Bc4 24.Rb2 Rb7 25.Rfb1 Rfb8 26.Qe3 Rxb2 27.Rxb2 Rxb2 28.Bxb2 Qd7 29.Bc1 Kf7
30.Kf2 Qb7  1/2-1/2

[Event "15th Cesenatico Open"]
[Site "Cesenatico ITA"]
[Date "2011.09.09"]
[Round "8"]
[White "Roeder,M"]
[Black "Mrdja,M"]
[Result "1-0"]
[WhiteElo "2398"]
[BlackElo "2402"]

1.Nf3 d5 2.c4 dxc4 3.e3 Nf6 4.Na3 g6 5.Nxc4 Bg7 6.b4 O-O 7.Bb2 Nbd7 8.Be2 c5
9.b5 Nb6 10.O-O Bf5 11.Qb3 Be6 12.a4 Rc8 13.a5 Nxc4 14.Bxc4 Bxc4 15.Qxc4 Ne8
16.Bxg7 Kxg7 17.a6 b6 18.Rfd1 f6 19.d4 Nd6 20.Qe6 Rc7 21.dxc5 Rxc5 22.Nd4 Qe8
23.Qb3 Kh8 24.Ne6 Rxb5 25.Qd3 Re5 26.Nxf8 Qxf8 27.Rac1 Qd8 28.Rc6 b5 29.Qc3  1-0

[Event "TCh-POL 1st League"]
[Site "Mrzezyno POL"]
[Date "2011.09.09"]
[Round "7"]
[White "Marszalek,Mac"]
[Black "Dudzinski,Pi"]
[Result "1/2-1/2"]
[WhiteElo "2340"]
[BlackElo "2310"]

1.Nf3 d5 2.c4 c6 3.e3 Nf6 4.b3 Bg4 5.Bb2 Nbd7 6.d4 e6 7.Be2 Bd6 8.Nbd2 O-O
9.h3 Bxf3 10.Bxf3 e5 11.cxd5 cxd5 12.dxe5 Bxe5 13.Bxe5 Nxe5 14.O-O Qa5 15.Be2 Rac8
16.Nf3 Nxf3+ 17.Bxf3 Ne4 18.Bxe4 dxe4 19.Qd4 Rfe8 20.a4 Rcd8 21.Qc4 Rc8 22.Qd4 Rcd8
23.Qc4 Rc8 24.Qd4 Rcd8  1/2-1/2

[Event "TCh-POL 1st League"]
[Site "Mrzezyno POL"]
[Date "2011.09.09"]
[Round "7"]
[White "Krysztofiak,M"]
[Black "Hnydiuk,A"]
[Result "1/2-1/2"]
[WhiteElo "2461"]
[BlackElo "2412"]

1.Nf3 d5 2.c4 c6 3.e3 Nf6 4.Nc3 a6 5.Qc2 g6 6.d4 Bg7 7.Bd3 Bg4 8.Ne5 Be6
9.O-O Nbd7 10.Nxd7 Qxd7 11.cxd5 Nxd5 12.a3 Nxc3 13.bxc3 c5 14.a4 Rc8 15.Qb1 O-O
16.Ba3 cxd4 17.cxd4 Bc4 18.a5 Rfd8 19.Bxc4 Rxc4 20.Qb3 Rdc8 21.Rfc1 Rxc1+
22.Rxc1 Rxc1+ 23.Bxc1 Qc7 24.Bd2 e6 25.Qc3 Qxc3 26.Bxc3 Kf8 27.Kf1 Ke7 28.Ke2 Kd6
29.Kd3 Kc7 30.Bb4 b5 31.axb6+ Kxb6 32.Kc4 Kc6 33.e4 Bf6 34.f3 Bd8 35.h3 Bb6
36.Ba3 Ba5 37.Bc5 Be1 38.Ba3 Ba5 39.Bf8 Bb6  1/2-1/2

[Event "ch-Euro Youth g16"]
[Site "Albena BUL"]
[Date "2011.09.14"]
[Round "4.17"]
[White "Roy,Ali"]
[Black "Dragieva,D"]
[Result "1/2-1/2"]
[WhiteElo "1801"]
[BlackElo "1992"]

1.Nf3 d5 2.c4 e6 3.e3 c5 4.d4 Nf6 5.Nc3 Nc6 6.Be2 a6 7.cxd5 exd5 8.O-O cxd4
9.Nxd4 Bd6 10.b3 Nxd4 11.Qxd4 Qc7 12.f4 Be6 13.Bb2 O-O 14.Rac1 Bc5 15.Qd3 Qb6
16.Nd1 Ne4 17.Bd4 Bxd4 18.exd4 Bd7 19.Nc3 Bc6 20.Bf3 f5 21.Rfe1 Rae8 22.g3 Qa5
23.Re2 Rc8 24.Rec2 Rce8 25.Re2 Rc8 26.Rec2 Rce8  1/2-1/2

[Event "ch-Euro Youth g16"]
[Site "Albena BUL"]
[Date "2011.09.14"]
[Round "4.8"]
[White "Aranaz Murillo,A"]
[Black "Sadevich,Rachel"]
[Result "1-0"]
[WhiteElo "2201"]
[BlackElo "1889"]

1.Nf3 d5 2.c4 e6 3.g3 Nf6 4.Bg2 Be7 5.O-O O-O 6.b3 c5 7.Bb2 Nc6 8.e3 b6 9.Nc3 Ba6
10.Qe2 Qd7 11.Rad1 Rad8 12.d3 d4 13.exd4 Nxd4 14.Nxd4 cxd4 15.Nb1 Bb7 16.Nd2 Rfe8
17.Nf3 Qc6 18.Nh4 Qc7 19.Bxb7 Qxb7 20.Nf3 Bc5 21.Ne5 Nd7 22.f4 f6 23.Qf3 Qxf3
24.Nxf3 e5 25.Rde1 Bd6 26.fxe5 fxe5 27.Ng5 Nc5 28.Rd1 h6 29.Nf7 Rd7 30.Nxd6 Rxd6
31.Rfe1 a5 32.Re2 Rde6 33.Ba3 e4 34.dxe4 Rxe4 35.Rxe4 Rxe4 36.Kg2 g5 37.Rd2 g4
38.Bb2 d3 39.Ba3 Re5 40.Bxc5 Rxc5 41.Rxd3 Rc6 42.Rd4 Rg6 43.Kf2 Kg7 44.Ke3 Kf6
45.Rd5 Ke6 46.Rb5 Kd7 47.Kf4  1-0

[Event "ch-Euro Youth b16"]
[Site "Albena BUL"]
[Date "2011.09.14"]
[Round "4.17"]
[White "Ostovic,M"]
[Black "Lapidus,M"]
[Result "1-0"]
[WhiteElo "2293"]
[BlackElo "1999"]

1.Nf3 d5 2.c4 d4 3.e3 c5 4.d3 Nc6 5.Be2 e5 6.exd4 cxd4 7.O-O Bd6 8.Re1 Nge7
9.Bf1 Ng6 10.g3 O-O 11.Bg2 f5 12.Ng5 Nge7 13.c5 Bxc5 14.Qb3+ Kh8 15.Nf7+ Rxf7
16.Qxf7 Nb4 17.Rxe5 Nxd3 18.Rxc5 Nxc5 19.Bg5 Qb6 20.Qxe7 Bd7 21.Qe2 Re8 22.Qd2 Ne4
23.Bxe4 fxe4 24.Nc3 Bc6 25.Ne2 e3 26.fxe3 dxe3 27.Qd4 Qb5 28.Bh6 Re5 29.Rf1 Kg8
30.Nc3 Qxb2 31.Qc4+  1-0

[Event "ch-Euro Youth b14"]
[Site "Albena BUL"]
[Date "2011.09.14"]
[Round "4.15"]
[White "Shtembuliak,E"]
[Black "Toma,Ra"]
[Result "0-1"]
[WhiteElo "2131"]
[BlackElo "1996"]

1.Nf3 d5 2.c4 dxc4 3.e3 Nf6 4.Bxc4 e6 5.O-O a6 6.Be2 Nbd7 7.a3 b5 8.d3 Bb7
9.Nbd2 c5 10.b3 Be7 11.Bb2 O-O 12.Qc2 Nd5 13.Rac1 Rc8 14.Qb1 Bf6 15.Ne4 Bxb2
16.Qxb2 Qe7 17.Rc2 f5 18.Nc3 N5f6 19.Rd1 e5 20.Rcd2 Rfd8 21.Ne1 b4 22.Na4 Kh8
23.Rc2 Bc6 24.d4 Bxa4 25.bxa4 exd4 26.exd4 cxd4 27.Rxc8 Rxc8 28.Bxa6 Ra8
29.Bb5 bxa3 30.Qxd4 Nc5 31.Nc2 a2 32.Qc4 Nce4 33.Nb4 Ng4 34.Nxa2 Nexf2 35.Qd5 Rg8
36.h3 Nxd1 37.hxg4 Qe1+ 38.Kh2 Qh4+ 39.Kg1 Qf2+ 40.Kh1 Ne3 41.Qf3 Qe1+ 42.Kh2 Nxg4+
43.Kh3 Qh1+ 44.Kg3 Qh2+  0-1

[Event "24th Moratalaz Open"]
[Site "Madrid ESP"]
[Date "2011.09.16"]
[Round "2.9"]
[White "Hernando Pertierra,J"]
[Black "Rubio Campos,J"]
[Result "1-0"]
[WhiteElo "2383"]
[BlackElo "1950"]

1.Nf3 d5 2.c4 e6 3.g3 c5 4.Bg2 Nf6 5.O-O Be7 6.b3 O-O 7.Bb2 Nc6 8.e3 d4 9.exd4 cxd4
10.Re1 Bc5 11.d3 Re8 12.a3 a5 13.Ne5 Nxe5 14.Rxe5 Nd7 15.Re1 e5 16.Nd2 Nf6
17.Ne4 Nxe4 18.Bxe4 Rb8 19.Bc1 Bd7 20.Bd2 Bc6 21.b4 Bxe4 22.Rxe4 axb4 23.axb4 Bd6
24.c5 Bf8 25.f4 exf4 26.Rxe8 Qxe8 27.Bxf4 Ra8 28.Rxa8 Qxa8 29.Be5 Qa3 30.Qd2 Qa1+
31.Kg2 f6 32.Bd6 Qa4 33.Qe2 Qc6+ 34.Kg1 Bxd6 35.Qe6+ Kf8 36.cxd6 Qe8 37.d7 Qxe6
38.d8=Q+ Kf7 39.Qxd4 Qe1+ 40.Kg2 Qd2+ 41.Kh3 Qh6+ 42.Kg4 Qg5+ 43.Kf3 Qh5+
44.Ke4 Qg4+ 45.Ke3 Qe6+ 46.Kf2 Qa6 47.Qd5+ Kg6 48.g4 Qb6+ 49.d4 Qc7  1-0

[Event "ch-Euro Youth b16"]
[Site "Albena BUL"]
[Date "2011.09.17"]
[Round "6.11"]
[White "Santos Latasa,J"]
[Black "Veinberg,N"]
[Result "1-0"]
[WhiteElo "2309"]
[BlackElo "2092"]

1.Nf3 d5 2.c4 d4 3.e3 c5 4.b4 Bg4 5.exd4 cxd4 6.h3 Bh5 7.Bb2 Bxf3 8.Qxf3 Qd7
9.d3 g6 10.Nd2 Bg7 11.Nb3 Nc6 12.b5 Nd8 13.g4 h5 14.g5 h4 15.Bg2 Rb8 16.Qe4 e5
17.Bxd4 Qf5 18.Bxa7 Ra8 19.Be3 Ne7 20.O-O Qxe4 21.Bxe4 Nf5 22.a4 Nxe3 23.fxe3 Rh5
24.a5 Rxg5+ 25.Kh2 f5 26.Bd5 e4 27.d4 Bf8 28.Rg1 Bd6+ 29.Kh1 Rxg1+ 30.Kxg1 Kd7
31.a6 Rb8 32.a7 Ra8 33.c5 Bg3 34.b6 f4 35.exf4 e3 36.Kf1 Nc6 37.Bxc6+ Kxc6
38.Na5+ Kd5 39.Nxb7 Kxd4 40.Ke2 Bxf4 41.Ra4+ Ke5 42.Nd6  1-0

[Event "1st Marcel Duchamp"]
[Site "Buenos Aires ARG"]
[Date "2011.09.17"]
[Round "5"]
[White "Pedro,F"]
[Black "Colautti,M"]
[Result "1-0"]
[WhiteElo "2164"]
[BlackElo "1921"]

1.Nf3 d5 2.c4 d4 3.e3 c5 4.b4 dxe3 5.fxe3 cxb4 6.d4 e6 7.Bd3 Nc6 8.O-O Nf6
9.Bb2 b6 10.Nbd2 Bb7 11.Ng5 h6 12.Nge4 Be7 13.Nxf6+ Bxf6 14.Ne4 Bg5 15.Qf3 O-O
16.Qg3 f5 17.Qh3 Na5 18.Nxg5 Qxg5 19.Rf4 Rac8 20.d5 exd5 21.Bxf5 Rce8 22.Be6+ Kh7
23.Rg4 Qe7 24.Rxg7+ Qxg7 25.Bxg7 Kxg7 26.Qg4+ Kf6 27.cxd5  1-0

[Event "2nd Livigno Open A"]
[Site "Livigno ITA"]
[Date "2011.09.17"]
[Round "8.23"]
[White "Schwartz,Y"]
[Black "Bosschem,T"]
[Result "1-0"]
[WhiteElo "2252"]
[BlackElo "2068"]

1.Nf3 d5 2.c4 c6 3.e3 Nf6 4.Nc3 a6 5.d4 Bf5 6.Qb3 Ra7 7.Bd2 e6 8.a4 a5 9.Nh4 Bg4
10.h3 Bh5 11.cxd5 exd5 12.Nf5 Bg6 13.Bd3 Na6 14.Na2 Ne4 15.Bxe4 dxe4 16.Nh4 Bd6
17.Nxg6 hxg6 18.Qc2 Qe7 19.Bxa5 Rh5 20.Bc3 Rg5 21.g3 Nc7 22.Bd2 f5 23.Nc3 Bb4
24.Ne2 Nd5 25.Qb3 Bd6 26.a5 Rh5 27.Kd1 g5 28.Kc2 Rh8 29.Qc4 Kd7 30.Kb3 Ra6
31.Nc3 Nb4 32.Nxe4 b5 33.axb6 Rxb6 34.Ra7+ Bc7 35.Nc5+ Kc8 36.Bxb4  1-0

[Event "2nd Livigno Open A"]
[Site "Livigno ITA"]
[Date "2011.09.17"]
[Round "8.12"]
[White "Stella,A"]
[Black "Godena,M"]
[Result "0-1"]
[WhiteElo "2447"]
[BlackElo "2527"]

1.Nf3 d5 2.c4 e6 3.d4 Nf6 4.e3 a6 5.b3 c5 6.Bb2 cxd4 7.exd4 b6 8.Bd3 Bb4+
9.Nbd2 O-O 10.O-O Bb7 11.Qe2 dxc4 12.bxc4 b5 13.cxb5 axb5 14.Bxb5 Bxd2 15.Nxd2 Rxa2
16.Rxa2 Qd5 17.Ne4 Nxe4 18.Qc4 Nd6 19.Qxd5 Bxd5 20.Ra5 Nxb5 21.Rxb5 Bc4 22.Rxb8 Rxb8
23.Ra1 g5 24.Bc1 f6 25.Be3 Kf7 26.h3 Bd5 27.Rd1 Kg6 28.f4 Rb3 29.Kf2 h6 30.fxg5 hxg5
31.Re1 Rb2+ 32.Re2 Rxe2+ 33.Kxe2 Bxg2 34.h4 gxh4 35.Bf4 Kf5 36.Ke3 Bd5 37.Bh2 Kg4
38.Bd6 Kh3 39.Kf2 Kg4 40.Ke3 Bc6 41.Bc7 Kf5 42.Bh2 Bb7 43.Bf4 Ba8 44.Bh2 Bd5
45.Bf4 Kg4 46.Bd6 Bg2 47.Bc7 Kf5 48.Bh2 Kg5 49.Bc7 Kg6 50.Bb8 h3 51.Bh2 Kf7
52.Kd3 Bf1+ 53.Kc3 Ke7 54.Kb4 Kf7 55.Kc3 Kg6 56.Kd2 Ba6 57.Bf4 Bb7 58.Bh2 Be4
59.Bf4 Kf7 60.Kc3 Ke7 61.Kb4 Bg2 62.Bh2 Kd7 63.Kc5 Kc8 64.Kb6 Be4 65.Bf4 Kd7
66.Kc5 Bd5 67.Bh2 Ke7 68.Kb4 Bf3 69.Bf4 Be4 70.Bh2 Bd5 71.Bf4 f5 72.Be5 f4
73.Bxf4 Kf6 74.Kc3 Kf5  0-1

[Event "31st Munich OIS A"]
[Site "Munich GER"]
[Date "2011.09.17"]
[Round "1.4"]
[White "Lammers,M"]
[Black "Hopp,G"]
[Result "1-0"]
[WhiteElo "2397"]
[BlackElo "2017"]

1.Nf3 d5 2.c4 c6 3.e3 Nf6 4.d4 Bf5 5.Nc3 e6 6.Nh4 Bg6 7.Nxg6 hxg6 8.g3 Be7
9.Bg2 Nbd7 10.Qe2 Qb6 11.O-O Rc8 12.Rd1 O-O 13.e4 dxe4 14.g4 Rfd8 15.g5 Nh5
16.Nxe4 Qc7 17.Qg4 Nb6 18.b3 e5 19.Bb2 exd4 20.Bxd4 Qf4 21.Bf3 c5 22.Qxf4 Nxf4
23.Be3 Ne6 24.Bg4 Nd7 25.Rd5 b6 26.a4 Ndf8 27.a5 Ra8 28.Rxd8 Rxd8 29.axb6 axb6
30.h4 Nd4 31.Ra7 Re8 32.Rb7 Nxb3 33.Rxb6 Na5 34.Nd2 Bd8 35.Rb8 Nc6 36.Rc8 Ne5
37.Bd1 Ned7 38.Ba4 Nb6 39.Bxe8 Nxc8 40.Bxc5 Ne6 41.Be3 Nd6 42.Bd7 Ba5 43.Bxe6 fxe6
44.Bf4 Nf5 45.Nf3 Bc3 46.c5 Kf7 47.Kf1 Ke7 48.Ke2 Kd7 49.Kd3 Bb2 50.Be5 Ba3
51.Kc4 Kc6 52.Bd4 Nxd4 53.Nxd4+ Kd7 54.c6+ Ke7 55.c7 Kd7 56.Nxe6 Bb2 57.Kd5 Kc8
58.Nf8  1-0

[Event "WGM Pancevo"]
[Site "Pancevo SRB"]
[Date "2011.09.17"]
[Round "9.1"]
[White "Vojinovic,J"]
[Black "Eric,J"]
[Result "1/2-1/2"]
[WhiteElo "2299"]
[BlackElo "2245"]

1.Nf3 d5 2.c4 c6 3.g3 Bg4 4.Qb3 Bxf3 5.Qxf3 Nf6 6.Qb3 Qd7 7.Bg2 e6 8.O-O Be7
9.d4 O-O 10.Nc3 Na6 11.Rd1 Rfd8 12.a3 Rac8 13.Qa2 b5 14.c5 Ne4 15.Nxe4 dxe4
16.Bxe4 Nxc5 17.Bc2 Nb7 18.b4 a5 19.Qb1 g6 20.e3 axb4 21.axb4 Nd6 22.Bd3 Qb7
23.Bd2 Ne8 24.Qb2 Nf6 25.e4 Nd7 26.Bc2 Nb6 27.Bb3 Ra8 28.Rxa8 Rxa8 29.Qc2 Rd8
30.Bc3 Nc4 31.Qe2 Nb6 32.h4 Na4 33.Ba1 Bxb4 34.Bxa4 bxa4 35.Rb1 Qe7 36.Qc4 c5
37.Kg2 a3 38.h5 e5 39.d5 Qd6 40.hxg6 hxg6 41.Rh1 f6 42.Qc1 Qe7 43.f4 Re8
44.fxe5 fxe5 45.Qh6 Qg7 46.Qg5 c4 47.Rc1 c3 48.Bxc3 Bxc3 49.Rxc3 Ra8 50.Rc6 Kh7
51.Qh4+ Kg8 52.Qg4 Kh7 53.Qh3+ Kg8 54.Qe6+ Kh7 55.Rc1 Qh6 56.Rc7+ Kh8 57.Qxe5+ Kg8
58.Qe6+ Kh8 59.Qe5+ Kg8 60.Qe6+ Kh8 61.Qf6+ Kg8 62.Qf7+ Kh8 63.Qf2 a2 64.Qf6+ Kg8
65.Qe6+ Kh8 66.Qf6+ Kg8 67.Qe6+ Kh8 68.Qe5+ Kg8 69.Qe6+ Kh8 70.Qf6+ Kg8 71.Qf7+ Kh8
72.Qf6+ Kg8 73.Qe6+ Kh8 74.Qf6+ Kg8 75.Qf7+ Kh8 76.Qf6+ Kg8 77.Qe6+ Kh8 78.Qf6+ Kg8
79.Qf7+ Kh8 80.Qf6+ Kg8 81.Qf7+ Kh8 82.Qf6+ Kg8 83.Qe6+ Kh8 84.Qf6+ Kg8  1/2-1/2

[Event "11th Josipa Ipavca Mem"]
[Site "Sentjur SLO"]
[Date "2011.09.19"]
[Round "7"]
[White "Novak,Ks"]
[Black "Kersic,M"]
[Result "0-1"]
[WhiteElo "2123"]
[BlackElo "2139"]

1.Nf3 d5 2.c4 c6 3.g3 Nf6 4.Bg2 g6 5.b3 Bg7 6.d4 O-O 7.O-O Bf5 8.Nh4 Be6
9.Nd2 dxc4 10.Nxc4 Bd5 11.Bb2 Bxg2 12.Nxg2 Na6 13.Rc1 Nc7 14.Qc2 Bh6 15.e3 Ne6
16.Ne5 Qd5 17.Qc4 Rfd8 18.Ba3 Bf8 19.Rfd1 Rac8 20.f3 Qxc4 21.bxc4 b6 22.Bb2 Nd7
23.Nxd7 Rxd7 24.Kf2 Bg7 25.Ba3 f5 26.d5 cxd5 27.cxd5 Rxc1 28.Bxc1 Nc5 29.Ba3 Na4
30.Nf4 Nc3 31.Rd2 e5 32.Ne6 Rxd5 33.Rxd5 Nxd5 34.Bb2 Bf6 35.e4 Nb4 36.Ke3 Nxa2
37.Kd3 Kf7 38.Nc7 Nb4+ 39.Kc4 Nc2 40.Nd5 Bg7 41.Kd3 Nd4 42.f4 Nc6 43.Ba3 b5
44.Nc7 b4 45.Bb2 a5 46.fxe5 Bxe5 47.Bxe5 Nxe5+ 48.Kc2 fxe4 49.Nd5 Nc4  0-1

[Event "Caissa IM Sept 2011"]
[Site "Kecskemet HUN"]
[Date "2011.09.20"]
[Round "6.3"]
[White "Erdelyi,T"]
[Black "Kernazhitsky,L"]
[Result "0-1"]
[WhiteElo "2176"]
[BlackElo "2308"]

1.Nf3 d5 2.c4 c6 3.e3 Nf6 4.b3 Bf5 5.Bb2 e6 6.d3 Be7 7.Be2 h6 8.O-O O-O 9.Nbd2 Nbd7
10.a3 a5 11.cxd5 cxd5 12.Nd4 Bh7 13.f4 Qb6 14.Rc1 Nc5 15.N2f3 Ng4 16.Qd2 Nxb3
17.Nxb3 Nxe3 18.Bd4 Nxf1 19.Bxb6 Nxd2 20.Nfxd2 Bxa3 21.Ra1 Bb4 22.Bxa5 Rxa5
23.Nxa5 Bxd2 24.Nxb7 Bxf4 25.g3 Be3+ 26.Kg2 Rb8 27.Kf3 Bd4 28.Ra4 f6 29.Nd6 Bc5
30.Ra6 Kf8 31.Rc6 Bxd6 32.Rxd6 Ke7 33.Ra6 Rb7 34.h4 e5 35.g4 Rb3 36.Ra7+ Kd6
37.Rxg7 Bxd3 38.Bxd3 Rxd3+ 39.Ke2 e4 40.Rg6 Ke5 41.Rxh6 d4 42.Rh7 Kf4 43.Rf7 Kxg4
44.Rxf6 Re3+ 45.Kd2 Kxh4 46.Rd6 Rd3+ 47.Ke2 Kg4  0-1

[Event "Caissa IM Sept 2011"]
[Site "Kecskemet HUN"]
[Date "2011.09.24"]
[Round "10.1"]
[White "Meszaros,Gyu"]
[Black "Kernazhitsky,L"]
[Result "1/2-1/2"]
[WhiteElo "2360"]
[BlackElo "2308"]

1.Nf3 d5 2.c4 c6 3.e3 Nf6 4.b3 Bf5 5.Bb2 e6 6.cxd5 exd5 7.Be2 Nbd7 8.d3 Be7
9.Nbd2 O-O 10.O-O Re8 11.a3 a5 12.Re1 h6 13.Qc2 Bf8 14.Bc3  1/2-1/2

[Event "TCh-HUN 2011-12"]
[Site "Kecskemet HUN"]
[Date "2011.09.25"]
[Round "1"]
[White "Kovacs,Adr"]
[Black "Karolyi,T jr"]
[Result "0-1"]
[WhiteElo "2233"]
[BlackElo "2346"]

1.Nf3 d5 2.c4 dxc4 3.Qa4+ c6 4.Qxc4 b5 5.Qc2 Bb7 6.Nc3 e6 7.d4 Nd7 8.e3 a6
9.Bd3 Ngf6 10.Ne4 Qb6 11.Nxf6+ gxf6 12.Bd2 c5 13.Be4 Rc8 14.d5 f5 15.dxe6 Bxe4
16.exd7+ Kxd7 17.Qc3 Rg8 18.O-O-O Qe6 19.Qe5 Qxe5 20.Nxe5+ Ke6 21.f3 Kxe5
22.Bc3+ Ke6 23.fxe4 fxe4 24.Rhf1 f5 25.Rf2 Bh6 26.Bd2 Rcd8 27.Rdf1 Rd5 28.Kc2 Bf8
29.Bc1 Bd6 30.Bd2 h5 31.Bc1 h4 32.Rh1 Rg6 33.Bd2 c4 34.Be1 b4 35.Re2 Rh6
36.Rg1 Rd3 37.g4 hxg3 38.Bxg3 Rg6 39.Kc1 a5 40.Bf2 Rxg1+ 41.Bxg1 b3 42.axb3 cxb3
43.Rd2 a4 44.Rxd3 exd3  0-1

[Event "16th ECC w"]
[Site "Rogaska Slatina SLO"]
[Date "2011.09.29"]
[Round "5.2"]
[White "Zhukova,N"]
[Black "Danielian,E"]
[Result "1-0"]
[WhiteElo "2416"]
[BlackElo "2517"]

1.Nf3 d5 2.c4 c6 3.e3 Nf6 4.Nc3 e6 5.b3 Nbd7 6.Bb2 b6 7.d4 Bb7 8.Bd3 Bd6
9.O-O O-O 10.Qc2 h6 11.Rad1 Qe7 12.Rfe1 dxc4 13.bxc4 c5 14.d5 exd5 15.Nxd5 Bxd5
16.cxd5 Rac8 17.Ba6 Rc7 18.e4 c4 19.e5 c3 20.exf6 Qxf6 21.Bc1 Rc5 22.Be3 Ra5
23.Bd3 Bc5 24.Bf5 Nb8 25.Bd4 Bxd4 26.Rxd4 Rc5 27.Bh7+ Kh8 28.Bd3 b5 29.Qb3 Nd7
30.h3 a6 31.a4 Rfc8 32.axb5 axb5 33.Bc2 g6 34.Rb4 Rb8 35.Nd4 Qb6 36.Nc6 Ra8
37.Rf4 Kg7 38.Qb4 Qc7 39.Qd4+ f6 40.Re7+ Kg8 41.Rxd7  1-0